000 01251nam a2200337Ia 4500
999 _c1500
_d1500
001 394113
003 EcQuBN
005 20180703162833.0
007 ta
008 130917s1983 ec a gr 001 0 spa d
040 _aEcQuBN
082 0 _a986.6
_bD2855
084 _aFER2Lb017119
084 _aNM00207
100 _92148
_aDeas, Malcolm,
_ccompilador,
_d1941-
245 1 0 _aEloy Alfaro :
_c narraciones históricas
_bMalcolm D. Deas, compilador
260 _aQuito, Ecuador :
_bCorporación Editora Nacional,
_c1983
300 _a432 páginas ;
_c21 cm
336 _atexto
_btxt
337 _ano mediado
_bn
338 _avolumen
_bnc
490 1 _aBiblioteca de Historia Ecuatoriana;
_vnúmero 6
505 _aEstudio Introductorio, por Malcolm D. Deas -- Eloy Alfaro. Escritos Históricos: Campaña de Esmeraldas. Ecuador. La Regeneración y la Restauración -- Narraciones Históricas -- Historia del Ferrocarril de Guayaquil a Quito -- Anexo: Aforismos de Alfaro
590 _agqu
590 _abcc
600 1 _9416
_aAlfaro, Eloy,
_cPresidente del Ecuador,
_d1842-1912
650 4 _913832
_aLiberalismo
_zEcuador
651 _917013
_aEcuador
_xHistoria
_xRevolución Liberal, 1895
942 _2loc
_cBK